|
|
|
|
| LEADER |
00000nam2a2200000 4500 |
| 001 |
378875 |
| 005 |
20231102013036.0 |
| 035 |
|
|
|a (RuTPU)RU\TPU\retro\36336
|
| 035 |
|
|
|a RU\TPU\retro\36335
|
| 090 |
|
|
|a 378875
|
| 100 |
|
|
|a 20230619d1967 k y0rusy50 ca
|
| 101 |
0 |
|
|a rus
|
| 102 |
|
|
|a RU
|
| 105 |
|
|
|a a z 001zy
|
| 200 |
0 |
|
|a Вып. 72 : Вопросы геологии некоторых золотоносных районов
|f отв. ред. Г. П. Вларович
|
| 210 |
|
|
|d 1967
|
| 215 |
|
|
|a 208 с.
|c ил.
|
| 320 |
|
|
|a Библиогр. в конце ст.
|
| 461 |
|
1 |
|0 (RuTPU)RU\TPU\retro\36250
|t Труды института ЦНИГРИ
|f Центральный научно-исследовательский горно-разведочный институт цветных, редких и благородных металлов
|v Вып. 72 : Вопросы геологии некоторых золотоносных районов
|d 1958-
|
| 606 |
1 |
|
|a Золоторудные месторождения
|2 stltpush
|3 (RuTPU)RU\TPU\subj\11877
|9 38756
|
| 610 |
1 |
|
|a геология
|
| 610 |
1 |
|
|a золото
|
| 610 |
1 |
|
|a горное дело
|
| 610 |
1 |
|
|a золотоносные конгломераты
|
| 610 |
1 |
|
|a месторождения
|
| 610 |
1 |
|
|a Гана
|
| 610 |
1 |
|
|a древние бассейны
|
| 610 |
1 |
|
|a гидросети
|
| 610 |
1 |
|
|a россыпная золотоносность
|
| 610 |
1 |
|
|a Ниманская котловина
|
| 610 |
1 |
|
|a неотектонические движения
|
| 610 |
1 |
|
|a Южное Приморье
|
| 610 |
1 |
|
|a геоморфология
|
| 610 |
1 |
|
|a песчано-илистые толщи
|
| 610 |
1 |
|
|a Кузнецкий Алатау
|
| 610 |
1 |
|
|a Русская платформа
|
| 610 |
1 |
|
|a Северный Кавказ
|
| 610 |
1 |
|
|a самородное золото
|
| 675 |
|
|
|a 553.411
|v 3
|
| 702 |
|
1 |
|a Вларович
|b Г. П.
|4 340
|
| 801 |
|
1 |
|a RU
|b 63413507
|c 20051123
|g PSBO
|
| 801 |
|
2 |
|a RU
|b 63413507
|c 20230619
|g PSBO
|
| 942 |
|
|
|c BK
|